000 00837nam a2200253 a 4500
001 000012167
005 20200929162727.0
008 091106s2009 dr a 000 0 spa d
020 _a9789993459118
040 _aDO-SdBNP
_bspa
_cBNPHU
082 _a338.17374
_bB333g
100 1 _aBatista, Lépido
_928765
245 1 3 _aGuía técnica el cultivo de cacao /
_cLépido Batista.
260 _aSanto Domingo :
_bCentro para el Desarrollo Agropecuario y Forestal,
_c2009.
300 _a185 p. :
_bil. ;
_c27 cm.
490 1 _aCultivos
504 _aBibliografía: p. 179-184
590 _aInventariado,2018/DG
650 4 _aCacao
_xCultivo
_zRepública Dominicana
_96513
650 4 _aCacao
_xComercio
_928766
650 4 _aCacao
_xEnfermedades y plagas
_928767
830 0 _aCultivos
_928768
910 _avalidado. Control de calidad MFF
999 _c11832
_d11832